Technologie pro e-vzdělávání 2007. : Sborník semináře. Praha, 15. června 2007

Na minha lista:
Detalhes bibliográficos
Outros Autores: Bieliková, Mária, 1966- (Editor), Mannová, Božena (Editor), Šaloun, Petr (Editor)
Formato: Livro
Idioma:eslovaco
tcheco
Publicado em: Praha : České vysoké učení technické v Praze, 2007
Tags: Adicionar Tag
Sem tags, seja o primeiro a adicionar uma tag!

MARC

LEADER 00000nam a22000003a 4500
001 stu143182
005 20221207095947.8
008 070711s2007----xr------------------slo-d
020 |a 978-80-01-03756-0 
040 |a STU  |b slo 
041 0 |a slo  |a cze 
044 |a xr 
100 1 |a Bieliková, Mária,  |d 1966-  |4 edt  |u I200  |U FIIT Fakulta informatiky a informačných technológií  |T FIIT Ústav informatiky a softvérového inžinierstva  |X 1871  |U I200  |Y 179  |7 A000001871 
245 1 |a Technologie pro e-vzdělávání 2007. :  |b Sborník semináře. Praha, 15. června 2007 
260 |a Praha :  |b České vysoké učení technické v Praze,  |c 2007 
300 |a 87 s 
700 1 |a Mannová, Božena  |4 edt 
700 1 |a Šaloun, Petr  |4 edt 
996 |c I*Z6790  |l I  |s A  |a 24  |w stu143182_0001 
996 |c I*Z7640  |l I  |s A  |a 24  |w stu143182_0002